000 00621nam a2200241Ia 4500
003 OSt
005 20220918215919.0
006 a|||||r|||| 00| 0
007 ta
008 220917b |||||||| |||| 00| 0 eng d
024 _a143,340
037 _cTextual
040 _aARTS
_cARTS
_beng
041 _2eng
_aeng
082 _aY15-48.2.N5, L9
100 _aAgnew Vijay
_9135824
245 0 _aElite women in Indian politics
260 _aNew Delhi
_bVikas
_c1979
300 _a163p.
_ccm.
650 _aSOCIOLOGY
942 _hY15-48.2.N5, L9
_cTEXL
_2CC
999 _c266293
_d266293